000 00479nam a22001097a 4500
008 150617b xxu||||| |||| 00| 0 eng d
010 _8 SCCRSF: 004
245 _aHIGH COURT CRIMINAL SESSION No.130 of 1969 Uganda Vs Sefaniya Ongoma
260 _a High Court Kampala
500 _3Original Criminal Case No.130 of 1968 of the Chief Magistrate's Court of Masindi at Masindi Before - J.N. Kaked, Esq., Magistrate Grade 1.)
500 _3Before - The Hon. Mr. justice R.E.G. Russell
999 _c6328
_d6328